|
|
|
|
| LEADER |
00000nam a2200000 a 4500 |
| 001 |
UCN3379 |
| 003 |
CL-VaPUC |
| 008 |
010622e19910000AG |||||||||||||||||spa|d |
| 082 |
0 |
4 |
|a 332.46
|b MOI
|2 21
|
| 100 |
|
|
|a Moisset de Espanés, Luis
|e autor
|9 548947
|
| 245 |
1 |
0 |
|a Convertibilidad del austral: estudios jurídicos, cuarta serie
|
| 300 |
|
|
|a 244 p
|
| 942 |
|
|
|c BK
|
| 945 |
|
|
|d 20010622 00:00:00
|a vberengu
|
| 260 |
|
|
|a Buenos Aires
|b Zavalia
|c 1991
|
| 650 |
|
0 |
|a Política monetaria
|9 258279
|
| 650 |
|
0 |
|a Moneda
|9 342365
|
| 650 |
|
7 |
|a CONVERTIBILIDAD
|2 CL-VaPUC
|9 410862
|
| 650 |
|
7 |
|a CIRCULACION MONETARIA
|2 CL-VaPUC
|9 379673
|
| 650 |
|
7 |
|a DEVALUACION MONETARIA
|2 CL-VaPUC
|9 341375
|
| 583 |
|
|
|a last modification
|c 20010622 00:00:00
|k Rodrigo Vera
|
| 999 |
|
|
|c 296290
|d 296288
|
| 952 |
|
|
|0 0
|1 0
|4 0
|6 332_460000000000000_MOI_1991
|7 0
|8 P
|9 349960
|a BIBDER
|b BIBDER
|d 2019-11-20
|i 3721973
|o 332.46 MOI 1991
|p 3721973
|r 2023-01-25
|w 2019-11-20
|y BK
|k DER
|